Missing Word: 3 Named Celebrities Quiz Stats

 Plays Quiz Updated Mar 21, 2013

Support Sporcle.
Go Orange.
Score 0/30 Timer 02:00
2 Plays Today
Name Answer % Correct
Sarah Jessica ____Parker
98%
Billy ____ CyrusRay
94.1%
Edgar Allan ____Poe
93.2%
____ Luther King Jr.Martin
92.1%
____ Bob ThorntonBilly
89.2%
____ Newton-JohnOlivia
89%
Jennifer ____ HewittLove
88.6%
____ Nicole SmithAnna
87.3%
Neil ____ HarrisPatrick
84.5%
____ Wilkes BoothJohn
81.1%
____ Michelle GellarSarah
79.2%
Andrew Lloyd ____Webber
77.7%
Melissa Joan ____Hart
77.1%
____ Pinkett SmithJada
75.9%
Lee Harvey ____Oswald
73.4%
Name Answer % Correct
____ Lee RothDavid
61.8%
Francis ____ KeyScott
60.4%
Harriet Beecher ____Stowe
56.7%
Sir Arthur ____ DoyleConan
56.2%
Phillip ____ HoffmanSeymour
54.1%
Francis ____ CoppolaFord
53.3%
Julia ____-DreyfusLouis
50.9%
Jonathan ____ ThomasTaylor
48.5%
Haley Joel ____Osment
43.1%
____ Flynn BoyleLara
42.7%
Lou Diamond ____Phillips
42%
David ____ GrierAlan
34.7%
Soleil ____ FryeMoon
32.6%
Keenen ____ WayansIvory
27.5%
____ Nelson ReillyCharles
22.6%

Today's Daily Dose

Word Ladder
ELT Words

You're not logged in!

Compare scores with friends on all Sporcle quizzes.
OR
Log In

From the Vault

24 Movie Posters with Animals

by Sheldon

'24 Animals with Movie Posters' would be quite a bit stranger.
Remove Ads.
Support Sporcle.
Get the best of Sporcle when you Go Orange. This ad-free experience offers more features, more stats, and more fun while also helping to support Sporcle. Thank you for becoming a member.

Show Comments

Extras

Top Quizzes Today


Score Distribution

Your Account Isn't Verified!

In order to create a playlist on Sporcle, you need to verify the email address you used during registration. Go to your Sporcle Settings to finish the process.

Report this User

Report this user for behavior that violates our Community Guidelines.

Details: